NBA 2K23 Players with HOF Badges - Statistics

General Stats
  • This quiz has been taken 177 times
  • The average score is 22 of 29
Answer Stats
Badge Boost description Player % Correct
Agent 3 Increases ability to difficult 3PT shots off the dribble Stephen Curry
100%
Deadeye Reduces the impact of a defender who is closing out Stephen Curry
100%
Limitless Range Boosts the range one effectively hit standing 3PT shots Stephen Curry
100%
Chase Down Artist Increases ability to get a chase-down block LeBron James
96%
Fearless Finisher Increases ability to convert contact layups LeBron James
96%
Ankle Breaker Freezes and drops defenders during dribble moves Kyrie Irving
90%
Handles For Days Reduces energy lost while performing dribble moves Kyrie Irving
90%
Killer Combos Improves effectiveness of size-up dribble moves Kyrie Irving
90%
Masher Increases ability to finish inside layups over defenders Nikola Jokić
89%
Post Playmaker Boosts shot percentage on passes made out of the post Nikola Jokić
89%
Vice Grip Improves ball security after securing a rebound or catch Nikola Jokić
89%
Bully Finishes strong by bulldozing through traffic Giannis Antetokounmpo
86%
Fearless Finisher Increases ability to convert contact layups Giannis Antetokounmpo
86%
Blinders Becomes unfazed by defenders from the side Kevin Durant
76%
Deadeye Reduces the impact of a defender who is closing out Kevin Durant
76%
Floor General Teammates receive an offensive bonus when in the game Luka Dončić
74%
Space Creator Increases ability to hit stepback jumpers and hop shots Luka Dončić
74%
Volume Shooter Boosts shot percentages as shot attempts increase Luka Dončić
74%
Fast Twitch Speeds up standing layups or dunks around the rim Ja Morant
72%
Limitless Takeoff Favors dunks and layups from a farther take-off range Ja Morant
72%
Anchor Increases ability to block and contest shots in the paint Rudy Gobert
68%
Post Lockdown Increases ability to defend post moves Rudy Gobert
68%
Menace Harasses their matchup while on defense Kawhi Leonard
61%
Bully Finishes strong by bulldozing through traffic Zion Williamson
51%
Fast Twitch Speeds up standing layups or dunks around the rim Zion Williamson
51%
Limitless Takeoff Favors dunks and layups from a farther take-off range Zion Williamson
51%
Clutch Shooter Increases ability to knock down shots in clutch moments Shai Gilgeous-Alexander
41%
Bail Out Increases ability to complete a pass from mid-air Tyrese Haliburton
35%
Work Horse Boosts ability to play aggressive defense without getting tired Marcus Smart
32%
No matching quizzes found
Score Distribution
Percent of People with Each Score
Percentile by Number Answered
Your Score History
You have not taken this quiz